Guess The Album By 3 Songs #3 - Statistics

General Stats
  • This quiz has been taken 26 times
  • The average score is 5 of 10
Answer Stats
Songs Albums % Correct
Come As You ArePolly Something In The Way Nevermind - Nirvana
82%
MapsIt Was Always You This Summer V - Maroon 5
82%
Video GamesRadio Summertime Sadness Born To Die - Lana Del Rey
71%
Last Friday NightE.T. Who Am I Living For? Teenage Dream - Katy Perry
59%
Wouldn't It Be NiceGod Only Knows Here Today Pet Sounds - The Beach Boys
53%
King KuntaMomma Mortal Man To Pimp A Butterfly - Kendrick Lamar
53%
Black DogStairway To Heaven Going To California Led Zeppelin IV - Led Zeppelin
47%
Hurt FeelingsLadders 2009 Swimming - Mac Miller
24%
After Last Night777 Skate An Evening With Silk Sonic - Silk Sonic
18%
Papaoutai
Formidable
Merci
Racine Carrée - Stromae
12%
No matching quizzes found
Score Distribution
Percent of People with Each Score
Percentile by Number Answered
Your Score History
You have not taken this quiz